000 00184 a2200097 4500
020 _a0394809674
041 _aspa
100 _aStan Berestain
245 _aBears on wheels
942 _cBK
999 _c29213
_d29211